000 01362nam1a22002411i 4500
001 rc\4528209
005 20260408074906.0
035 _a(NLR Aleph) 008628074
090 _a8865128
_c8865128
100 _a20130416d1960 |||y0rusy50 ca
101 0 _arus
102 _aRU
105 _a b |||||
200 1 _aКаталог быков-производителей, используемых для искусственного осеменения в колхозах и совхозах Ростовской области
_eВып. 1-
_fМ-во сел. хозяйства РСФСР. Гл. упр. плем. дела и племсовхозов. Рост. обл. упр. сел. хозяйства. Рост. обл. живконтора
210 _aРостов-на-Дону
_cКн. изд-во
_d1960
215 _d27
606 _aБыки-производители, племенные
_jКаталоги
_2psbo
712 0 2 _aРостовское областное производственное управление сельского хозяйства
_3RU\NLR\AUTH\8810066929
_9635504
712 0 1 _aРСФСР
_bГлавное управление племенного дела и племенных совхозов
_3RU\NLR\AUTH\8810173485
_9842856
801 0 _aRU
_bNLR
_gpsbo
801 1 _aRU
_bELAR
_2rusmarc
852 _aNLR
_j61-7/667
942 _cBOOK